| 000 | 00353nam a22001457a 4500 | ||
|---|---|---|---|
| 008 | 210301b ||||| |||| 00| 0 eng d | ||
| 020 | _a9781416033424 | ||
| 041 | _aeng | ||
| 080 |
_23rd _a338 |
||
| 082 | _a338 | ||
| 100 | _a53 | ||
| 101 | _aMEN | ||
| 245 |
_aFinancial Management for Nurse Managers and Executives _cFinkler, S. A |
||
| 942 |
_2udc _cBK |
||
| 999 |
_c55324 _d55324 |
||